000 00508nam a2200193Ia 4500
003 LK-CoDNM
008 010623t2007 xxu||||| |||| 00| 1 sin d
040 _aLK-CoDNM
_dLK-CoDNM
_eLK-CoDNM
041 _asin
080 _a72
_bBAS
100 _aBasnayaka, H.T.
245 _aජගත් කලා ප්‍රවේශය
246 _aJagath kala praweeshaya
260 _bS. Godage
_aColombo
_c2007
300 _b(xvi)314, 22.5 cm
650 _aArchitecture
700 _aHettige, Uda
942 _cBK
999 _c126648
_d126648